000 00539nam a2200181Ia 4500
001 18732
005 20260306171652.0
008 260306s9999||||xx |||||||||||||| ||und||
041 _aESP
082 _a658.5
_bC93
100 _aCuatrecasas Arbós, Lluís
_eAUT
245 0 _aDiseño avanzado de procesos y plantas de producción flexible:
_btécnicas de diseño y herramientas gráficas con soporte informático
260 _c2009
300 _a718 páginas :
_c23 cm.
650 _aGEN
654 _aCAN
942 _cLIB
_dJUS
_fJUS
_2ddc
_n
999 _c18732
_d18732